00815nam a22001937a 4500003000800000008004100008037002000049040003500069041000800104080001500112100003700127245010100164260003600265300002300301500017500324650008100499655001200580700002900592BI-BuBU250514b2025 bd fr|||| 000 0 fre d bdon de l'auteur aBI-BuBUbfrecBI-BuBUdBI-BuBU0 afre a339.727.241 4aut.aNdayikengurukiye, Leonidas10aImpact de la pression fiscale sur les investissements directs étrangers au Burundi (2000-2023) aBujumburabuniversité Burundi aXIV-121 f.c30 cm. aMémoire présenté et défendu publiquement en vue de l'obtention du diplôme de master en Analyse Economique et Développement Option : Analyse et Développement 72BI-BuBUaInvestissement direct étrangerxPression fiscalexImpactzBurundi 2BI-BuBU1 4dir.aCyriaque Nzirorera